|
|
|
|
| LEADER |
00000nab a2200000 a 4500 |
| 001 |
vtls000505289 |
| 003 |
SK-MaSNL |
| 005 |
20260303003202.0 |
| 008 |
160204c1993 xo 0 slo |
| 015 |
|
|
|a SNBRA19rr/mm-uuuuu
|
| 035 |
|
|
|a CL0505427
|
| 040 |
|
|
|a SNKBUCL
|b slo
|c SNKBUCL
|e AACR2
|
| 041 |
0 |
|
|a slo
|
| 044 |
|
|
|a xo
|c SK
|
| 080 |
|
|
|a 551.3"6151":552.5
|2 1981
|
| 080 |
|
|
|a 552.5
|2 1981
|
| 080 |
|
|
|a 551.861
|2 1981
|
| 100 |
1 |
|
|a Masaryk, Peter
|4 aut
|9 794612
|
| 245 |
1 |
0 |
|a Sedimentológia a litofácie sedimentov reiflinských intraplatformových depresií v centrálnych Západných Karpatoch
|c Peter Masaryk
|
| 300 |
|
|
|b Obr. 2, res. angl., lit. 20 zázn. v angl., nem., slov.
|
| 500 |
|
|
|a Nesprávny názov... itnraplatformových...
|
| 650 |
0 |
7 |
|a sedimenty
|2 snkbucl
|9 24565
|
| 650 |
0 |
7 |
|a trias
|2 snkbucl
|9 93539
|
| 651 |
|
7 |
|a Západné Karpaty (pohorie)
|2 snkbucl
|9 175174
|
| 655 |
|
7 |
|a články zo zborníkov
|2 snkbucl
|9 166140
|
| 773 |
0 |
|
|t Geodynamický vývoj a hlbinná stavba Západných Karpát
|d Bratislava : Geologický ústav Dionýza Štúra, 1993
|g S. 71-78
|z 808531424X
|
| 850 |
|
|
|a Slovenská národná knižnica v Martine
|a KEA001
|
| 852 |
|
|
|a SNK
|b KIS3GCP
|
| 958 |
|
|
|a NB
|
| 958 |
|
|
|a RK
|
| 992 |
|
|
|a RZB
|
| 999 |
|
|
|c 1571513
|d 1573443
|